000 00574nam a2200229Ia 4500
003 OSt
005 20220918191859.0
006 a|||||r|||| 00| 0
007 ta
008 220917b |||||||| |||| 00| 0 eng d
024 _a65,597
037 _cTextual
040 _aARTS
_cARTS
_beng
041 _2eng
_aeng
082 _aR3v1:N, J3 (TR)
100 _aRogers Arthur Kenyon
245 0 _aStudent's history of philosophy
250 _a3rd
260 _c1953
942 _hR3v1:N, J3 (TR)
_cTEXL
_2CC
999 _c191840
_d191840